Current Japanese Players Who Have Played In National Team - Statistics

General Stats
  • This quiz has been taken 2 times
  • The average score is 35 of 175
Answer Stats
Cap Club Name % Correct
32 Leeds Ao Tanaka
100%
3 Ghent Atsuki Ito
100%
42 Crystal Palace Daichi Kamada
100%
23 Celtic Daizen Maeda
100%
42 Vissel Kobe Gotoku Sakai
100%
21 Bayern Munich Hiroki Ito
100%
75 Auckland FC Hiroki Sakai
100%
62 Genk Junya Ito
100%
27 Brighton Kaoru Mitoma
100%
2 FC Tokyo Keita Endo
100%
127 LA Galaxy Maya Yoshida
100%
57 Frankfurt Ritsu Doan
100%
1 Sint-Truidense Ryotaro Ito
100%
1 Sanfrecce Hiroshima Satoshi Tanaka
100%
1 Sparta Rotterdam Shunsuke Mito
100%
1 Cerezo Osaka Shunta Tanaka
100%
44 Real Sociedad Takefusa Kubo
100%
67 Monaco Takumi Minamino
100%
1 Without Club Tatsuya Sakai
100%
1 Kashiwa Reysol Tojiro Kubo
100%
70 Liverpool Wataru Endo
100%
13 Cincinatti Yuya Kubo
100%
31 Feyenoord Ayase Ueda
50%
11 Slavia Prague Daiki Hashioka
50%
2 JEF United Chiba Daisuke Suzuki
50%
74 Urawa Reds Genki Haraguchi
50%
10 Gamba Osaka Genta Miura
50%
40 Sporting CP Hidemasa Morita
50%
1 Copenhagen Junnosuke Suzuki
50%
89 Atletico Suzuka Kazuyoshi Miura
50%
18 Stade Reims Keito Nakamura
50%
37 Ajax Ko Itakura
50%
8 Without Club Kosuke Nakamura
50%
4 Tottenham Hotspur Kota Takai
50%
23 Birmingham Kyogo Furuhashi
50%
9 Yokohama FC Musashi Suzuki
50%
18 Kashima Antlers Naomichi Ueda
50%
11 Celtic Reo Hatate
50%
97 Cerezo Osaka Shinji Kagawa
50%
1 Kawasaki Frontale Sota Miura
50%
2 Sanfrecce Hiroshima Sota Nakamura
50%
2 Kyoto Sanga Taichi Hara
50%
42 Without Club Takehiro Tomiyasu
50%
53 Mallorca Takuma Asano
50%
1 Nagoya Grampus Teruki Hara
50%
2 Freiburg Yuito Suzuki
50%
143 FC Tokyo Yuto Nagatomo
50%
18 Parma Zion Suzuki
50%
3 Auxerre Ado Onaiwu
0%
3 Kawasaki Frontale Akihiro Ienaga
0%
1 Nagoya Grampus Alexandre Pisano
0%
1 Fagiano Okayama Ataru Esaka
0%
7 Le Havre Ayumu Seko
0%
2 Iwate Grulla Morioka Daigo Nishi
0%
2 Without Club Daiki Niwa
0%
1 Sanfrecce Hiroshima Daiki Suga
0%
5 Kashiwa Reysol Daiki Sugioka
0%
2 Vissel Kobe Daiya Maekawa
0%
14 Nagoya Grampus Daniel Schmidt
0%
95 Jubilo Iwata Eiji Kawashima
0%
60 Kashima Antlers Gaku Shibasaki
0%
1 Pathum Gakuto Notsuda
0%
20 Machida Zelvia Gen Shoji
0%
1 Nagoya Grampus Haruya Fujii
0%
8 Safrecce Hiroshima Hayao Kawabe
0%
3 Sanfrecce Hiroshima Hayato Araki
0%
3 Machida Zelvia Henryn Heroki Mochizuki
0%
7 Auckland United Hideto Takahashi
0%
3 Urawa Reds Hiroki Abe
0%
3 Ryukyu Okinawa Hiroki Fujiharu
0%
1 Stade Reims Hiroki Sekine
0%
43 Oita Trinita Hiuroshi Kiyotake
0%
48 V-Varen Nagasaki Hotaru Yamaguchi
0%
21 Without Club Inoha Masahiko
0%
3 St.Pauli Joel Chima Fujita
0%
1 Yokohama F Marinos Jun Amano
0%
6 Mainz Kaishu Sano
0%
1 Gamba Osaka Kanji Okunuki
0%
1 FC Tokyo Kashif Bangnagande
0%
1 Albirex Niigata Kazuhiko Chiba
0%
6 Okinawa SV Kazuki Ganaha
0%
1 Wellington Kazuki Nagasawa
0%
1 Shibuya City Kazuma Watanabe
0%
1 Yokohama F Marinos Kazuya Yamamura
0%
10 Sanfrecce Hiroshima Keisuke Osako
0%
9 Azul Claro Numazu Kengo Kawamata
0%
1 Yokohama F Marinos Ken Matsubara
0%
13 Nagoya Grampus Kensuke Nagai
0%
15 FC Tokyo Kento Hashimoto
0%
6 Kashima Antlers Kento Misao
0%
8 RB Omiya Kenyu Sugimoto
0%
19 Tochigi SC Kisho Yano
0%
1 NEC Kodai Sano
0%
5 Bochum Koji Miyoshi
0%
5 Kashima Antlers Koki Anzai
0%
17 Hoffenheim Koki Machida
0%
9 NEC Koki Ogawa
0%
2 JEF United Chiba Koki Yonekura
0%
3 Machida Zelvia Kosei Tani
0%
2 Newcastle United Jets Kota Mizunuma
0%
3 FC Tokyo Kota Tawaratsumida
0%
8 Shimizu S-Pulse Koya Kitagawa
0%
3 Coedo Kawagoe Kunimitsu Sekiguchi
0%
2 Gamba Osaka Makoto Mitsuta
0%
6 Azul Claro Numazu Manabu Saito
0%
9 Kashiwa Reysol Mao Hosoya
0%
8 Gamba Osaka Masaaki Higashiguchi
0%
41 FC Tokyo Masato Morishige
0%
16 LA Galaxy Miki Yamane
0%
11 Verspah Oita Mu Kanazaki
0%
2 FC Gifu Naoki Yamada
0%
3 Sanfrecce Hiroshima Ryo Germain
0%
5 Yokohama F Marinos Ryo Miyaichi
0%
3 Nagoya Grampus Ryosuke Yamanaka
0%
1 Tokushima Vortis Ryota Nagaki
0%
7 Kawasaki Frontale Ryota Oshima
0%
3 Blackburn Ryoya Morishita
0%
5 Kashima Antlers Ryoya Ogawa
0%
4 Fagiano Okayama Ryunosuke Sato
0%
2 Kashima Antlers Ryuta Koike
0%
16 FC Tokyo Sei Muroya
0%
8 AZ Seiya Maikuma
0%
10 Cerezo Osaka Shinnosuke Hatanaka
0%
5 Gamba Osaka Shinnosuke Nakatani
0%
4 Kawasaki Frontale Shintaro Kurumaya
0%
1 Celtic Shin Yamada
0%
32 Sint-Truidense Shogo Taniguchi
0%
5 Nagoya Grampus Sho Inagaki
0%
2 Montedio Yamagata Shoma Doi
0%
15 Sanfrecce Hiroshima Sho Sasaki
0%
19 Urawa Reds Shoya Nakajima
0%
38 Without Club Shuichi Gonda
0%
9 Gamba Osaka Shu Kurata
0%
31 Urawa Reds Shusaku Nishikawa
0%
8 Monchengladbach Shuto Machino
0%
3 Kashima Antlers Tagawa Kyosuke
0%
2 Vissel Kobe Taisei Miyashiro
0%
3 JEF United Chiba Taishi Taguchi
0%
3 Kashiwa Reysol Taiyo Koga
0%
1 Vissel Kobe Takahiro Ogihara
0%
36 Shimizu S-Pulse Takashi Inui
0%
27 Gamba Osaka Takashi Usami
0%
1 Kyoto Sanga Takuji Yonemoto
0%
5 Machida Zelvia Takuma Nishimura
0%
1 Leuven Takuma Ominami
0%
3 Salzburg Takumu Kawamura
0%
2 Coventry Tatsuhiro Sakamoto
0%
2 FC Tokyo Teruhito Nakagawa
0%
1 Kashima Antlers Tomoki Hayakawa
0%
4 Birmingham Tomoki Iwata
0%
2 Avispa Fukuoka Tomoya Ando
0%
4 Nagoya Grampus Tsukasa Morishima
0%
7 Sanfrecce Hiroshima Tsukasa Shiotani
0%
4 Feyenoord Tsuyoshi Watanabe
0%
4 Kawasaki Frontale Yasuto Wakizaka
0%
93 Nankatsu SC Yasuyuki Konno
0%
29 Vissel Kobe Yoshinori Muto
0%
15 Vissel Kobe Yosuke Ideguchi
0%
1 Fagiano Okayama Yugo Tatsuta
0%
1 Bristol City Yu Hirakawa
0%
2 Kawasaki Frontale Yuichi Maruyama
0%
2 Kashiwa Reysol Yuki Kakita
0%
8 Iwate Grulla Morioka Yuki Kobayashi
0%
3 SC Sagamihara Yuki Muto
0%
15 Bremen Yukinari Sugawara
0%
2 Blackburn Yuki Ohashi
0%
17 Machida Zelvia Yuki Soma
0%
14 Kawasaki Frontale Yu Kobayashi
0%
1 Nagaworld FC Yusuke Minagawa
0%
22 Machida Zelvia Yuta Nakayama
0%
1 Avispa Fukuoka Yuto Iwasaki
0%
2 Kawasaki Frontale Yuto Ozeki
0%
1 Antwerp Yuto Tsunashima
0%
57 Vissel Kobe Yuya Osako
0%
2 Shimizu S-Pulse Zento Uno
0%
No matching quizzes found
Score Distribution
Percent of People with Each Score
Percentile by Number Answered
Your Score History
You have not taken this quiz